000 00512 a2200181 4500
003 OSt
005 20240118092753.0
008 240118b |||||||| |||| 00| 0 eng d
020 _a8172045816
040 _coclc
082 _a297
_bARN/I
100 _aArnold, Thomas
_96046
245 _aIslam Prabodhanavum Pracharavum /
_cThomas Arnold
250 _a2nd ed.
260 _aKozhikode:
_bIslamic Publishing House,
_c2000.
300 _a402p.
942 _2ddc
_cBK
_h297
_iARN/I
_k297
_mARN/I
999 _c43236
_d43236